000 00322nam a2200133Ia 4500
008 191201s2006 xx 000 0 und d
100 _aSLATER, Robert
245 0 _aJack Welch and the G E way I
250 _a4th
260 _aN.Delhi
_bTata Mc Graw Hill
_c2006
300 _a328
650 _aB.Tech(IT)
942 _2ddc
_cBK
999 _c3064
_d3064